Inlaws/outlaws : a semiotics of systemic interaction, "Robin Hood" and the "King's law" /

Bibliographic Details
Main Author: Kevelson, Roberta
Format: Book
Language:English
Published: Bloomington, Ind. : Lisse, The Netherlands : Indiana University, ; Peter de Ridder, [1977]
Series:Indiana University publications.
Studies in semiotics ; v. 9.
Subjects:

MARC

Tag First Indicator Second Indicator Subfields
LEADER 00000cam a2200000 a 4500
001 in00000074556
005 20180521140644.0
008 780224s1977 inu b 00010 eng d
010 |a  77074263  
020 |a 0877502048 
035 |a (OCoLC)03667557 
035 |9 AAH7916AM 
040 |a OSU  |c OSU  |d OCL  |d TXA  |d UtOrBLW 
043 |a e-uk--- 
049 |a TXAM  |c [1386951] 
090 |a PR2129  |b .K48 
100 1 |a Kevelson, Roberta. 
245 1 0 |a Inlaws/outlaws :  |b a semiotics of systemic interaction, "Robin Hood" and the "King's law" /  |c Roberta Kevelson. 
264 1 |a Bloomington, Ind. :  |b Indiana University, ;  |a Lisse, The Netherlands :  |b Peter de Ridder,  |c [1977] 
264 4 |c ©1977 
300 |a v, 100 pages ;  |c 23 cm. 
336 |a text  |b txt  |2 rdacontent 
337 |a unmediated  |b n  |2 rdamedia 
338 |a volume  |b nc  |2 rdacarrier 
490 1 |a Indiana University publications 
490 1 |a Studies in semiotics ;  |v 9 
500 |a On title page: Research Center for Language and Semiotic Studies, Indiana University. 
504 |a Bibliography: pages 91-100. 
600 0 0 |a Robin Hood  |c (Legendary character)  |v Legends  |x History and criticism. 
650 0 |a Law  |z Great Britain. 
650 0 |a Semiotics in literature. 
650 0 |a Law in literature. 
830 0 |a Indiana University publications. 
830 0 |a Studies in semiotics ;  |v v. 9. 
999 |a MARS 
999 f f |s a5b60972-49ee-3ab5-876d-6338f1147b0c  |i aa010db4-17ac-390c-9dfb-827c2572c20f  |t 0 
952 f f |p noncirc  |a Texas A&M University  |b J.J. Pickle Campus  |c High Density Repository  |d Remote Storage  |t 0  |e PR2129 .K48  |h Library of Congress classification  |i unmediated -- volume  |m A14806183780 
998 f f |a PR2129 .K48  |t 0  |l Remote Storage